| 000 | 00759nam a22002777a 4500 | ||
|---|---|---|---|
| 003 | CHAP | ||
| 005 | 20220329135523.0 | ||
| 008 | 971013s1945 r 00010 d | ||
| 010 | _a37988 | ||
| 011 | _a38960 | ||
| 035 | _a43080 | ||
| 040 | _cCHAP | ||
| 082 |
_a331.88 _bM5 |
||
| 100 | 0 | 0 |
_aMillis, Harry A. _975826 |
| 245 | _aOrganized labor | ||
| 260 |
_aNew York : _bMcGraw-Hill, _c1945 |
||
| 300 | _a930 p | ||
| 590 |
_aBATCH-UPD _b10 _c20130109 _lUCH01 _h2310 |
||
| 590 |
_aBATCH-UPD _b10 _c20130110 _lUCH01 _h1005 |
||
| 590 |
_aCONVERSION _b10 _c20130109 _lUCH01 _h1321 |
||
| 650 | 1 | 4 |
_aSindicatos. _9106563 |
| 700 | 0 |
_aMontgomery, Royal E. _977933 |
|
| 901 | _aBK | ||
| 942 | _cLIBRO | ||
| 949 |
_a331.88 M5 _bBC _cBPA _d-98945 _eBPA _h11627 _i43080 _mD. _si |
||
| 999 |
_c37988 _d37988 |
||